|
|
|
|
| LEADER |
00000nam0a2200000 4500 |
| 001 |
24777 |
| 005 |
20260407132012.0 |
| 010 |
|
|
|a 5264003718
|
| 035 |
|
|
|a (RuTPU)RU\TPU\book\25008
|
| 035 |
|
|
|a BOOK00000016
|
| 090 |
|
|
|a 24777
|
| 100 |
|
|
|a 20011209d2000 m y0rusy50 ca
|
| 101 |
0 |
|
|a rus
|
| 102 |
|
|
|a RU
|
| 105 |
|
|
|a y z 000ay
|
| 200 |
1 |
|
|a Generation "П"
|e [18+]
|e [НЕЗАКОННОЕ ПОТРЕБЛЕНИЕ НАРКОТИЧЕСКИХ СРЕДСТВ, ПСИХОТРОПНЫХ ВЕЩЕСТВ, ИХ АНАЛОГОВ ПРИЧИНЯЕТ ВРЕД ЗДОРОВЬЮ, ИХ НЕЗАКОННЫЙ ОБОРОТ ЗАПРЕЩЁН И ВЛЕЧЕТ УСТАНОВЛЕННУЮ ЗАКОНОДАТЕЛЬСТВОМ ОТВЕТСТВЕННОСТЬ]
|e роман
|f В. О. Пелевин
|
| 210 |
|
|
|a Москва
|c Вагриус
|d 2000
|
| 215 |
|
|
|a 335 с.
|
| 330 |
|
|
|a Виктор Пелевин - современный российский автор, лауреат многих литературных премий. Его роман «Generation «П» произвел неоднозначное впечатление в кругу читателей и критиков. С одной стороны, это интересное философское произведение, наполненное глубокими знаниями истории, мифологии и эзотерики. С другой стороны, в романе много сложных умозаключений и отклонений от основной сюжетной линии, что делает его сложным для прочтения. Тем не менее, роман заслужил звание культового и неоднократно издавался не только в России, но и во многих других странах. Главный герой произведения - молодой человек из 90-х годов. Он выпускник Литературного института, выросший в интеллигентной семье. По воле случая, Вавилен попадает в компанию, занимающуюся рекламой. Неожиданно он открывает в себе талант сочинения небольших рекламных слоганов. Это приносит ему славу и достаток. Однако, в какой-то момент, Вавилен Татарский задается вопросом - что же управляет всем этим рекламным процессом? Он чувствует, что за простыми рекламными фразами кроется нечто более сильное, управляющее человеческим сознанием. В конце концов Вавилен становится земным воплощением супруга богини плодородия и любви.
|
| 610 |
1 |
|
|a романы
|
| 675 |
|
|
|a Р2
|v 3
|
| 700 |
|
1 |
|a Пелевин
|b В. О.
|c русский писатель
|c прозаик
|f 1962-
|g Виктор Олегович
|3 (RuTPU)RU\TPU\pers\4802
|9 1045
|
| 801 |
|
0 |
|a RU
|b 63413507
|c 20011209
|g PSBO
|
| 801 |
|
2 |
|a RU
|b 63413507
|c 20181221
|g PSBO
|
| 830 |
|
|
|a *изданиеподлежащеемаркировке
|
| 942 |
|
|
|c BK
|